Normal view
MARC view
Entry Personal Name
001 - CONTROL NUMBER
- control field: 7207
003 - CONTROL NUMBER IDENTIFIER
- control field: BD-RjUL
005 - DATE AND TIME OF LATEST TRANSACTION
- control field: 20230323100002.0
008 - FIXED-LENGTH DATA ELEMENTS
- fixed length control field: 230323|| aca||aabn | a|a d
040 ## - CATALOGING SOURCE
- Original cataloging agency: BD-RjUL
- Transcribing agency: BD-RjUL
100 ## - HEADING--PERSONAL NAME
- Personal name: Bari, Md. Azizul
670 ## - SOURCE DATA FOUND
- Source citation: Work cat.: (BD-RjUL)81305: Bari, Md. Azizul, Physiological and Molecular Mechanisms Associated with Cadmium Stress Tolerance in Rice (Oryza sativa L.) :, 2019